Pravoslavie v Rossii nakanune 1917 g. (Titelsatznr. 36743)
[ MARC ]
| 000 -Satzkennung | |
|---|---|
| Kontrollfeld mit fester Länge | 00509nam a22001931c 4500 |
| 001 - Kontrollnummer | |
| Kontrollfeld | a987678127 |
| 008 - Feld mit fester Länge zur physischen Beschreibung - Allgemeine Angaben | |
| Kontrollfeld mit fester Länge | 161118s2010 gw |||| 000u rus d |
| 041 ## - Sprachcode | |
| Sprachcode des Textes/der Tonspur oder des separaten Titels | rus |
| 040 ## - Katalogisierungsquelle | |
| Übertragungsstelle | RU-10907106 |
| 003 - Kontrollnummer Identifier | |
| Kontrollfeld | RU-10907106 |
| 100 1# - Haupteintragung - Personenname | |
| Personenname | Shevzov, Vera |
| 240 10 - Einheitstitel | |
| Einheitstitel | Russian Orthodoxy on the eve of revolution |
| 245 00 - Titel | |
| Titel | Pravoslavie v Rossii nakanune 1917 g. |
| 264 ## - Produktion, Veröffentlichung, Distribution, Herstellung und Urheberrechtsvermerk | |
| Herstellungs-, Veröffentlichungs- Vertriebs-, Erzeugungsort | Sankt-Peterburg : |
| Produzent, Herausgeber, Distributor, Hersteller | Dmitrij Bulanin, |
| Datum der Herstellung, der Veröffentlichung, des Vertriebs oder des Urheberschutzvermerks | 2010 |
| 300 ## - Physische Beschreibung | |
| Umfang | 488 S. |
| 650 #0 - Nebeneintragung unter einem Schlagwort - Sachschlagwort | |
| Sachschlagwort oder geografischer Name als Eintragungselement | Orthodoxe Kirche |
| 651 #0 - Nebeneintragung unter einem Schlagwort - Geografischer Name | |
| Geografischer Name | Russland |
| 942 ## - Zusätzliche Felder (Koha) | |
| Koha-Medientyp | Monographien |
| Ausgeschieden | Verloren | Klassifikation oder Aufstellungssystematik | Beschädigt | Nicht entleihbar | Heimatbibliothek | Aufenthaltsbibliothek | Erwerbungsdatum | Inventarnummer | Signatur | Barcode | Letzte Aktivität | Preis gültig von | Koha-Medientyp |
|---|---|---|---|---|---|---|---|---|---|---|---|---|---|
| Andere/Generische Klassifikation | MWN Osteuropa | MW Forum Finnland | 18/11/2016 | 16-04290 Ersatzß Ovorhß | R 54 l Sev | E004015079084F40 | 23/02/2021 | 22/03/2021 | Monographien |